Normal view
MARC view
- Emigration and immigration
Entry Topical Term
001 - CONTROL NUMBER
- control field: 34042
003 - CONTROL NUMBER IDENTIFIER
- control field: OSt
005 - DATE AND TIME OF LATEST TRANSACTION
- control field: 20160828153910.0
008 - FIXED-LENGTH DATA ELEMENTS
- fixed length control field: 131009|| aca||aabn | a|a d
040 ## - CATALOGING SOURCE
- Original cataloging agency: OSt
- Transcribing agency: OSt
150 ## - HEADING--TOPICAL TERM
- Topical term or geographic name as entry element: Emigration and immigration
- General subdivision: Economic aspects
670 ## - SOURCE DATA FOUND
- Source citation: Work cat.: (OSt)0: Legrain, Philippe. 34041, Immigrants :, 2009.